000 00222 a2200097 4500
001 59835
100 _a
245 _aQurbat-e-Marg mai Muhabbat
260 _aLahore
_bSang-e-meel publications
_c2001
090 _c36669
_d36669
942 _aNUST-CAE
_c
_c29634
999 _c294908
_d294908